Estudio Sobre la Aplicación de Investigación de mercado por parte de la mediana Empresa del sector comercial de la Ciudad de Santa Ana del Departamento de Santa Ana, periodo Enero -Agosto 2004. (Registro nro. 11360)

Detalles MARC
000 -LEADER
fixed length control field 00798nam a2200193Ia 4500
005 - FECHA Y HORA DE LA ÚLTIMA TRANSACCIÓN
control field 20240321145919.0
008 - FIXED-LENGTH DATA ELEMENTS--GENERAL INFORMATION
fixed length control field 240321s9999 xx 000 0 und d
040 ## - CATALOGING SOURCE
Original cataloging agency UPAN
Transcribing agency Biblioteca San Vicente
Description conventions RCAA2
041 ## - LANGUAGE CODE
Language code of text/sound track or separate title spa
082 ## - DEWEY DECIMAL CLASSIFICATION NUMBER
Classification number 658.83
Item number Her
año de publicación 2004
100 ## - MAIN ENTRY--PERSONAL NAME
Personal name Hernández Robles, Jorge Humberto
Relator code aut.
245 #0 - TITLE STATEMENT
Title Estudio Sobre la Aplicación de Investigación de mercado por parte de la mediana Empresa del sector comercial de la Ciudad de Santa Ana del Departamento de Santa Ana, periodo Enero -Agosto 2004.
260 ## - PUBLICATION, DISTRIBUTION, ETC. (IMPRINT)
Place of publication, distribution, etc Ahuachapán:
Name of publisher, distributor, etc Universidad Panamericana,
Date of publication, distribution, etc 2004
300 ## - PHYSICAL DESCRIPTION
Extent 149 p.;
Dimensions 28 cm.
650 ## - SUBJECT ADDED ENTRY--TOPICAL TERM
Source of heading or term LEMB
Topical term or geographic name as entry element Investigación de mercado
9 (RLIN) 3
700 ## - ADDED ENTRY--PERSONAL NAME
Personal name Flores Menjívar, David Antonio;
Relator code aut.
700 ## - ADDED ENTRY--PERSONAL NAME
Personal name Sigaran Hernández, María Magdalena
Relator code aut.
942 ## - ADDED ENTRY ELEMENTS (KOHA)
Koha item type Libros
Source of classification or shelving scheme Dewey Decimal Classification
Existencias
Withdrawn status Lost status Source of classification or shelving scheme Damaged status Not for loan Collection code Home library Current library Date acquired Total Checkouts Full call number Barcode Date last seen Copy number Price effective from Koha item type
    Dewey Decimal Classification     Tesario Biblioteca UPAN San Vicente Biblioteca UPAN San Vicente 21/03/2024   658.83 Her 12100714 21/03/2024 01 21/03/2024 Trabajos de Grado